Visual problems of color; symposium.
Saved in:
| Corporate Authors: | , |
|---|---|
| Format: | Book |
| Language: | English |
| Published: |
New York,
Chemical Publishing Co.,
1961.
|
| Subjects: | |
| Tags: |
Add Tag
No Tags, Be the first to tag this record!
|
| LEADER | 01299cam a2200325I 4500 | ||
|---|---|---|---|
| 001 | 006738136-7 | ||
| 005 | 20160409170925.0 | ||
| 008 | 720510s1961 xx 100 0 eng u | ||
| 035 | 0 | |a ocm00305564 | |
| 040 | |c XAV |d VVD |d MCS | ||
| 050 | 1 | 4 | |a QC495 |b .V823 |
| 060 | 4 | |a WW 150 S989 1957 | |
| 090 | |a QP481 |b .T4 1957a v.1-2 | ||
| 111 | 2 | |a Symposium on the Visual Problems of Color |d (1957 : |c Teddington) | |
| 245 | 1 | 0 | |a Visual problems of color; |b symposium. |
| 260 | |a New York, |b Chemical Publishing Co., |c 1961. | ||
| 300 | |a 2 v. |b illus. |c 23 cm. | ||
| 500 | |a "This book contains the Proceedings of a Symposium on the Visual Problems pf Colour which was held at the National Physical Laboratory from 23rd to 25th September, 1957."--Pref. | ||
| 504 | |a Bibliographies included. | ||
| 650 | 2 | |a Color Perception. | |
| 650 | 2 | |a Color Perception |x physiology. | |
| 655 | 2 | |a Congresses. | |
| 650 | 0 | |a Visual discrimination. | |
| 650 | 0 | |a Color vision. | |
| 655 | 2 | |a Congresses. | |
| 655 | 7 | |a Conference papers and proceedings. |2 fast | |
| 710 | 2 | |a National Physical Laboratory (Great Britain) | |
| 776 | 0 | 8 | |i Online version: |a Symposium on the Visual Problems of Color (1957 : Teddington). |t Visual problems of color. |d New York, Chemical Pub. Co., 1961 |w (OCoLC)608627051 |
| 988 | |a 20020608 | ||
| 906 | |0 MH | ||


